Truman Capote e il party del secolo /
I tiakina i:
| Kaituhi matua: | |
|---|---|
| Ētahi atu kaituhi: | |
| Hōputu: | Pukapuka |
| Reo: | Itāriana |
| I whakaputaina: |
Milano :
Accento,
2023
|
| Rangatū: | Dieresi
|
| Ngā marau: | |
| Ngā Tūtohu: |
Kāore He Tūtohu, Me noho koe te mea tuatahi ki te tūtohu i tēnei pūkete!
|
MARC
| LEADER | 00000nam a2200000 i 4500 | ||
|---|---|---|---|
| 001 | IT\ICCU\VIA\0541907 | ||
| 003 | ItRI | ||
| 005 | 20260115232214.0 | ||
| 008 | 231207s2023 it |||||| ||||| |||||c | ||
| 015 | |2 IT |a 2024-894 | ||
| 020 | |a 9791281055179 | ||
| 040 | |b ita |c importazione bologna sebina | ||
| 041 | 7 | |a ita |2 ISO-639-2 | |
| 082 | |a 813.54 |9 NARRATIVA AMERICANA IN LINGUA INGLESE, 1945-1999 |2 23 | ||
| 100 | 1 | |a Davis, Deborah, |d (1952- ) |0 IT\ICCU\CFIV\370827 |4 aut | |
| 240 | 1 | 0 | |a Party of the century |3 IT\ICCU\VIA\0541913 |9 Davis, Deborah <1952- > |
| 245 | 1 | 0 | |a Truman Capote e il party del secolo / |c Deborah Davis ; traduzione di Sara Reggiani. |
| 260 | |a Milano : |b Accento, |c 2023 | ||
| 300 | |a 330 p. ; |c 19 cm | ||
| 650 | 7 | |a CAPOTE, TRUMAN | |
| 650 | 7 | |a Feste |x New York |x 1966 |2 nsbncf | |
| 700 | 1 | |a Reggiani, Sara |0 IT\ICCU\LO1V\344172 |4 trl | |
| 830 | 0 | |a Dieresi |0 IT\ICCU\RT1\0175232 | |
| 942 | |2 ddc |c BK |n 0 | ||
| 952 | |0 0 |1 0 |4 0 |6 DOC_813_540000000000000_DAV |7 0 |9 21954 |a BO |b BO |d 2026-01-15 |i 20532 |l 0 |o DOC 813.54 DAV |p BO20532 |r 2026-01-15 23:22:14 |w 2026-01-15 |x [Sebina 5] [1 v.] |y BK |z 1 v. | ||
| 999 | |c 18772 |d 18772 | ||